LDR 01221naa#a2200217#i#450# 001 RU\\bibl\123388 005 20260706023405.1 011 ## _a1994-4683 100 ## _a20230731b2023####ek#y0rusy0150####ca 102 ## _aRU 200 1# _aФИЗИЧЕСКАЯ ПОДГОТОВКА К БОЕВОЙ РАБОТЕ ОПЕРАТОРОВ БЕСПИЛОТНЫХ ЛЕТАТЕЛЬНЫХ АППАРАТОВ _eЖурнальная статья 210 1# _aМосква _cНациональный государственный Университет физической культуры, спорта и здоровья им. П.Ф. Лесгафта _d2023 215 ## _a2 с. 608 ## _aЖурнальная статья _2local 675 ## _aФилософские и научно-теоретические основы физической культуры и спорта. 796.011 _z 700 #1 _aКалик _gВиталий Валерьевич 700 #1 _aКалитов _gАндрей Борисович 700 #1 _aЕфимов _gВиталий Викторович 700 #1 _aЦирульников _gНиколай Николаевич 700 #1 _aПонимасов _gОлег Евгеньевич 856 4# _auchzapiski.lesgaft.spb.ru _u